ბათუმის შოთა რუსთაველის სახელმწიფო უნივერსიტეტის ბიბლიოთეკა

ქართული ენა : (ბიბ.ჩანაწერი № 54784)

000 -ლიდერი
ფიქსირებული სიგრძის საკონტროლო ველი 01376nam a2200277Ia 4500
001 - საკონტროლო ნომერი
საკონტროლო ველი 21852
003 - საკონტროლო ნომრის იდენტიფიკატორი
საკონტროლო ველი GE_BSU
005 - ბოლო ოპერაციის თარიღი და დრო
საკონტროლო ველი 20220524155955.0
008 - ფიქსირებული სიგრძის მონაცემთა ელემენტები - ზოგადი ინფორმაცია
ფიქსირებული სიგრძის საკონტროლო ველი 181216s ||||ge |||||||||||||| ||geo||
020 ## - წიგნის საერთაშორისო სტანდარტული ნომერი
International Standard Book Number 9994083619
040 ## - კატალოგიზაციის წყარო
Transcribing agency GE_BSU
041 ## - ენის კოდი
Language code of text/sound track or separate title geo
080 ## - უნივერსალური ათობითი კლასიფიკაციის ინდექსი
Universal Decimal Classification number 811.353.1-8(075.3) რ-21
100 ## - მთავარი ჩანაწერი - პიროვნების სახელი
Personal name რამიშვილი, ვალერიან
9 (RLIN) 1173
245 ## - ცნობა სათაურის შესახებ
Title ქართული ენა :
Remainder of title მე-4 კლასის სახელმძღვანელი /
Statement of responsibility, etc ვალერიან რამიშვილი, შ. თაბუკაშვილი, თ. ჩერქეზიშვილი ; რედ. ნ. ჭყოიძე ; მხატვრ. ბ. ბერძენიშვილი და სხვ.
264 ## - წარმოების, გამოცემის, დისტრიბუციის და სხვა ცნობები
გამოცემის, წარმოების, დისტრიბუციის... ადგილი თბილისი :
გამოცემის, წარმოების, დისტრიბუციის... სახელწოდება აისი,
გამოცემის, წარმოების, დისტრიბუციის... თარიღი 2006.
300 ## - ფიზიკური აღწერა
Extent 208 გვ. ;
Dimensions 21 სმ.
653 ## - INDEX TERM--UNCONTROLLED
Uncontrolled term ქართული ენა
653 ## - INDEX TERM--UNCONTROLLED
Uncontrolled term მე-4 კლასის სახელმძღვანელო
700 ## - ADDED ENTRY--PERSONAL NAME
Personal name თაბუკაშვილი, შ.
Relator term ავტორი
9 (RLIN) 13826
700 ## - ADDED ENTRY--PERSONAL NAME
Personal name ჩერქეზიშვილი, თ.
Relator term ავტორი
9 (RLIN) 13827
700 ## - ADDED ENTRY--PERSONAL NAME
Personal name ჭყოიძე, ნ.
Relator term რედაქტორი
9 (RLIN) 9559
700 ## - ADDED ENTRY--PERSONAL NAME
Personal name ბერძენიშვილი. ბ.
Relator term მხატვარი
9 (RLIN) 9926
942 ## - ADDED ENTRY ELEMENTS (KOHA)
Koha item type წიგნი
Source of classification or shelving scheme
ეგზემპლარები
ჩამოწერის სტატუსი დაკარგული ეგზემპლარის სტატუსი კლასიფიკაციის წყარო ან თაროზე გაწყობის სქემა დაზიანების სტატუსი არ გაიცემა მუდმივი მდებარეობა (დაცვის ადგილი) ამჟამინდელი ადგილსამყოფელი თაროზე განთავსების ადგილი შეძენის თარიღი ღირებულება, შესყიდვის ნორმალური ფასი სრული შენახვის შიფრი შტრიხკოდი ბოლო ოპერაციის თარიღი ეგზემპლარის მიმდევრობითი ნომერი (კეტერი?) ფასის ძალაში შესვლის თარიღი ეგზემპლარის სახეობა საჯარო შენიშვნა
          ბათუმის შოთა რუსთაველის სახელმწიფო უნივერსიტეტის მთავარი ბიბლიოთეკა ბათუმის შოთა რუსთაველის სახელმწიფო უნივერსიტეტის მთავარი ბიბლიოთეკა წიგნსაცავი 2018-12-17 7.50 811.353.1-8(075.3) რ-21 56298 2018-12-17 56298 2018-12-17 წიგნი 7.50 ₾.
          ბათუმის შოთა რუსთაველის სახელმწიფო უნივერსიტეტის მთავარი ბიბლიოთეკა ბათუმის შოთა რუსთაველის სახელმწიფო უნივერსიტეტის მთავარი ბიბლიოთეკა წიგნსაცავი 2018-12-17 7.50 811.353.1-8(075.3) რ-21 56299 2018-12-17 56299 2018-12-17 წიგნი 7.50 ₾.
          ბათუმის შოთა რუსთაველის სახელმწიფო უნივერსიტეტის მთავარი ბიბლიოთეკა ბათუმის შოთა რუსთაველის სახელმწიფო უნივერსიტეტის მთავარი ბიბლიოთეკა წიგნსაცავი 2018-12-17 7.50 811.353.1-8(075.3) რ-21 56300 2018-12-17 56300 2018-12-17 წიგნი 7.50 ₾.
          ბათუმის შოთა რუსთაველის სახელმწიფო უნივერსიტეტის მთავარი ბიბლიოთეკა ბათუმის შოთა რუსთაველის სახელმწიფო უნივერსიტეტის მთავარი ბიბლიოთეკა წიგნსაცავი 2018-12-17 7.50 811.353.1-8(075.3) რ-21 56301 2018-12-17 56301 2018-12-17 წიგნი 7.50 ₾.